000 00407nam a22001457a 4500
020 _a9788129706409
040 _cNUST
082 _a532.050285 NIY
100 _aNiyogi, Pradip
_921652
110 _aChakrabartty S.K. Laha M.K.
_9113984
245 _aIntroduction to computational Fluid Dynamics
260 _aDelhi:
_bPearson Education
_c2005
650 _2Computational Fluid Dynamics
942 _2ddc
_cBK
999 _c595396
_d595396